000 00312nam a2200121Ia 4500
008 220217s9999||||xx |||||||||||||| ||und||
082 _a894.814 3 TEJ
100 _aTejaswi, Poornachandra, K.P
245 0 _aKarvalo
260 _aPusthaka prakasana
_bMysore
_c2002
300 _b66
650 _aGENERAL BOOKS
999 _c172418
_d172418